[Event "HUN-chT2 Maroczy 1415"]
[Site "Hungary"]
[Date "2014.11.30"]
[Round "3"]
[White "Vanczak, Tamas"]
[Black "Manyoki, Anna"]
[Result "1/2-1/2"]
[WhiteElo "1839"]
[BlackElo "1958"]
[PlyCount "46"]
[EventDate "2014.10.12"]
[EventType "team-tourn"]
[EventRounds "9"]
[EventCountry "HUN"]
[SourceTitle "EXT 2016"]
[Source "ChessBase"]
[SourceDate "2015.10.08"]
[SourceVersion "1"]
[SourceVersionDate "2015.10.08"]
[SourceQuality "1"]
[WhiteTeam "Miskolc KisBocsok"]
[BlackTeam "Dunaharaszti II"]
[WhiteTeamCountry "HUN"]
[BlackTeamCountry "HUN"]

1. e4 e5 2. Nf3 Nc6 3. Bc4 Bc5 4. 0-0 Nf6 5. d4 Bxd4 6. Nxd4 Nxd4 7. f4 d6 8. fxe5 dxe5 9. Bg5 Be6 10. Na3 Qe7 11. c3 Bxc4 12. Bxf6 gxf6 13. Nxc4 Ne6 14. Ne3 Qc5 15. Qd2 Ng5 16. Rae1 Nxe4 17. Qd5 Qxd5 18. Nxd5 0-0-0 19. Nxf6 Nxf6 20. Rxf6 Rhe8 21. Rxf7 Rd7 22. Ref1 Rde7 23. Rxe7 Rxe7 1/2-1/2

[Event "HUN-chT 1314"]
[Site "Hungary"]
[Date "2014.04.13"]
[Round "8"]
[White "Manyoki, Anna"]
[Black "Pergel, Laszlo"]
[Result "0-1"]
[WhiteElo "1978"]
[BlackElo "2240"]
[PlyCount "32"]
[EventDate "2013.09.08"]
[EventType "team-tourn"]
[EventRounds "9"]
[EventCountry "HUN"]
[SourceTitle "EXT 2015"]
[Source "ChessBase"]
[SourceDate "2014.11.20"]
[SourceVersion "1"]
[SourceVersionDate "2014.11.20"]
[SourceQuality "1"]
[WhiteTeam "Dunaharaszti"]
[BlackTeam "HVSE Infraplan"]
[WhiteTeamCountry "HUN"]
[BlackTeamCountry "HUN"]

1. e4 c5 2. Nf3 Nc6 3. c3 Nf6 4. e5 Nd5 5. d4 cxd4 6. cxd4 e6 7. a3 d6 8. Bd3 Qa5+ 9. Qd2 dxe5 10. Qxa5 Nxa5 11. dxe5 Nb3 12. Bc2 Nxa1 13. Bd1 Bd7 14. b3 Rc8 15. Kd2 Bc5 16. Bb2 Bxf2 0-1

[Event "HUN-chT2 Erkel 1314"]
[Site "Hungary"]
[Date "2013.11.03"]
[Round "4.8"]
[White "Gorcsi, Gabor"]
[Black "Manyoki, Anna"]
[Result "1-0"]
[WhiteElo "1938"]
[BlackElo "1927"]
[PlyCount "61"]
[EventDate "2013.09.08"]
[EventType "team-tourn"]
[EventRounds "11"]
[EventCountry "HUN"]
[SourceTitle "EXT 2016"]
[Source "ChessBase"]
[SourceDate "2015.10.08"]
[SourceVersion "1"]
[SourceVersionDate "2015.10.08"]
[SourceQuality "1"]
[WhiteTeam "Paszto"]
[BlackTeam "Dunaharaszti II"]
[WhiteTeamCountry "HUN"]
[BlackTeamCountry "HUN"]

1. d4 d5 2. c4 dxc4 3. Nf3 Nf6 4. Nc3 a6 5. e3 b5 6. a4 b4 7. Nb1 e6 8. Bxc4 c5 9. 0-0 Nc6 10. b3 Bb7 11. Bb2 Na5 12. Nbd2 Be7 13. Qe2 0-0 14. Rfd1 Qb8 15. Rac1 Nxc4 16. Nxc4 Nd7 17. Nfe5 Nxe5 18. Nxe5 Rc8 19. Nd7 Qd6 20. dxc5 Qc6 21. Qg4 g6 22. Nb6 h5 23. Qh3 Rd8 24. Nxa8 Rxd1+ 25. Rxd1 Bxa8 26. Rc1 Qd5 27. Qf3 Qxf3 28. gxf3 Bc6 29. Be5 f5 30. Rc4 Bd5 31. c6 1-0

[Event "HUN-chT 0910"]
[Site "Hungary"]
[Date "2010.01.31"]
[Round "5"]
[White "Aczel, Gergely"]
[Black "Manyoki, Anna"]
[Result "1-0"]
[WhiteElo "2388"]
[BlackElo "2071"]
[PlyCount "66"]
[EventDate "2009.11.08"]
[EventType "team-tourn"]
[EventRounds "11"]
[EventCountry "HUN"]
[SourceTitle "EXT 2011"]
[Source "ChessBase"]
[SourceDate "2010.11.26"]
[SourceVersion "1"]
[SourceVersionDate "2010.11.26"]
[SourceQuality "1"]
[WhiteTeam "MLTC"]
[BlackTeam "Dunaharaszti"]
[WhiteTeamCountry "HUN"]
[BlackTeamCountry "HUN"]

1. d4 d5 2. Nf3 Nf6 3. c4 dxc4 4. e3 e6 5. Bxc4 a6 6. 0-0 b5 7. Bb3 c5 8. a4 b4 9. e4 cxd4 10. e5 Ne4 11. Nxd4 Bb7 12. Be3 Nc5 13. f4 Nxb3 14. Nxb3 Qxd1 15. Rxd1 Bd5 16. N1d2 Be7 17. Rac1 0-0 18. Bc5 Bxc5+ 19. Nxc5 Rc8 20. Nde4 h6 21. Nd6 Rc7 22. Nd3 Rxc1 23. Rxc1 Nc6 24. a5 b3 25. Rc5 Rb8 26. g3 Kf8 27. Kf2 f6 28. Ke3 Ke7 29. Nf5+ exf5 30. Rxd5 Nb4 31. Nxb4 Rxb4 32. exf6+ gxf6 33. Kd3 h5 1-0

[Event "HUN-chT U18"]
[Site "Miskolc"]
[Date "2009.10.28"]
[Round "4.20"]
[White "Molnar, Levente"]
[Black "Manyoki, Anna"]
[Result "0-1"]
[WhiteElo "1666"]
[BlackElo "2071"]
[PlyCount "56"]
[EventDate "2009.10.26"]
[EventType "team-swiss"]
[EventRounds "8"]
[EventCountry "HUN"]
[SourceTitle "EXT 2016"]
[Source "ChessBase"]
[SourceDate "2015.10.08"]
[SourceVersion "1"]
[SourceVersionDate "2015.10.08"]
[SourceQuality "1"]

1. e4 e5 2. Nf3 Nc6 3. Bb5 a6 4. Bxc6 dxc6 5. d3 Qd6 6. Nc3 Bg4 7. 0-0 0-0-0 8. h3 Bh5 9. Be3 f6 10. a3 g5 11. g4 Bf7 12. b4 h5 13. Ne2 hxg4 14. hxg4 Be6 15. Nh2 Qd7 16. Ng3 Qh7 17. Nh5 Bf7 18. Kg2 Bxh5 19. gxh5 Qf7 20. Qg4+ Kb8 21. Rh1 Nh6 22. Qf3 f5 23. exf5 Nxf5 24. Bxg5 Rg8 25. Qg4 Be7 26. Nf3 Bxg5 27. Nxg5 Qf6 28. Kf1 Ne3+ 0-1

[Event "HUN-chT U18"]
[Site "Miskolc"]
[Date "2009.10.27"]
[Round "2.22"]
[White "Balogh, Peter"]
[Black "Manyoki, Anna"]
[Result "0-1"]
[WhiteElo "1789"]
[BlackElo "2071"]
[PlyCount "70"]
[EventDate "2009.10.26"]
[EventType "team-swiss"]
[EventRounds "8"]
[EventCountry "HUN"]
[SourceTitle "EXT 2016"]
[Source "ChessBase"]
[SourceDate "2015.10.08"]
[SourceVersion "1"]
[SourceVersionDate "2015.10.08"]
[SourceQuality "1"]

1. e4 e5 2. Nf3 Nc6 3. d4 exd4 4. Bc4 Nf6 5. 0-0 Nxe4 6. Re1 d5 7. Bxd5 Qxd5 8. Nc3 Qa5 9. Nxe4 Be6 10. Neg5 0-0-0 11. Nxe6 fxe6 12. Rxe6 Bd6 13. Bg5 Rdf8 14. Bh4 Qf5 15. Qe2 h6 16. Re1 g5 17. Bg3 Bxg3 18. fxg3 Rd8 19. Qc4 Rhf8 20. R6e2 Kb8 21. Ne5 Nxe5 22. Rxe5 Qf2+ 23. Kh1 d3 24. h3 d2 25. Rd1 Qxg3 26. Re7 h5 27. Qb5 Rf2 28. Qd5 Rdf8 29. Rg1 g4 30. Qe4 a6 31. Qe3 Qxg2+ 32. Rxg2 d1Q+ 33. Rg1 Qd5+ 34. Re4 R2f3 35. Qe2 R3f4 0-1

[Event "HUN-chT U18"]
[Site "Miskolc"]
[Date "2009.10.27"]
[Round "3.22"]
[White "Manyoki, Anna"]
[Black "Samok, Csaba"]
[Result "1-0"]
[WhiteElo "2071"]
[BlackElo "1644"]
[PlyCount "63"]
[EventDate "2009.10.26"]
[EventType "team-swiss"]
[EventRounds "8"]
[EventCountry "HUN"]
[SourceTitle "EXT 2016"]
[Source "ChessBase"]
[SourceDate "2015.10.08"]
[SourceVersion "1"]
[SourceVersionDate "2015.10.08"]
[SourceQuality "1"]

1. e4 e5 2. Nf3 Nc6 3. Bb5 a6 4. Ba4 Nf6 5. 0-0 d6 6. Re1 Be7 7. c3 0-0 8. h3 b5 9. Bc2 Na7 10. d4 exd4 11. cxd4 c5 12. Qe2 Bb7 13. dxc5 dxc5 14. e5 Nd7 15. e6 Nb6 16. exf7+ Rxf7 17. Ne5 Rf8 18. Qh5 g6 19. Bxg6 hxg6 20. Qxg6+ Kh8 21. Bh6 Bf6 22. Bxf8 Bxe5 23. Rxe5 Qd1+ 24. Kh2 Rxf8 25. Qh6+ Kg8 26. Rg5+ Kf7 27. Rf5+ Ke7 28. Qxf8+ Kd7 29. Rf7+ Kc6 30. Qh6+ Kd5 31. Nc3+ Kc4 32. Rxd1 1-0

[Event "EU-chT U18 Girls 9th"]
[Site "Pardubice"]
[Date "2009.07.18"]
[Round "3"]
[White "Labedz, Patrycja"]
[Black "Manyoki, Anna"]
[Result "1/2-1/2"]
[WhiteElo "2044"]
[BlackElo "2081"]
[PlyCount "120"]
[EventDate "2009.07.16"]
[EventType "team-swiss"]
[EventRounds "7"]
[EventCountry "CZE"]
[SourceTitle "EXT 2020"]
[Source "ChessBase"]
[SourceDate "2019.10.17"]
[SourceVersion "1"]
[SourceVersionDate "2019.10.17"]
[SourceQuality "1"]
[WhiteTeam "Poland U18 (W)"]
[BlackTeam "Hungary U18 (W)"]
[WhiteTeamCountry "POL"]
[BlackTeamCountry "HUN"]

1. e4 e5 2. Nf3 Nc6 3. Bb5 a6 4. Bxc6 dxc6 5. 0-0 Qd6 6. Na3 b5 7. c3 c5 8. d3 Bb7 9. Qe2 0-0-0 10. Rd1 f6 11. Nc2 g5 12. a4 h5 13. axb5 axb5 14. Ne3 Qb6 15. Nf5 Nh6 16. Nxh6 Bxh6 17. Be3 g4 18. Nh4 Bxe3 19. Qxe3 c4 20. d4 exd4 21. cxd4 Rhe8 22. f3 Qe6 23. Qf4 gxf3 24. gxf3 Rg8+ 25. Kf2 Qb6 26. Nf5 Kb8 27. Qe3 Rg6 28. Ne7 Rg7 29. Nf5 Rg6 30. Rg1 Rxg1 31. Kxg1 Bc8 32. Ne7 Qd6 33. Nxc8 Kxc8 34. Ra8+ Kd7 35. Rxd8+ Kxd8 36. f4 Qb4 37. Qf2 c3 38. bxc3 Qxc3 39. Kg2 b4 40. e5 b3 41. Qh4 Qc6+ 42. d5 Qxd5+ 43. Kf2 Qf7 44. f5 Qe7 45. e6 Qc5+ 46. Kg2 Qc2+ 47. Kg1 Qxf5 48. Qd4+ Kc8 49. e7 Qd7 50. Qe4 Qd1+ 51. Kg2 Qd2+ 52. Kh3 Qd7+ 53. Kh4 Qe8 54. Qe6+ Kb7 55. Qxb3+ Kc8 56. Qe6+ Kb7 57. Qxf6 Kc8 58. Qe6+ Kb7 59. h3 c6 60. Qd6 Kc8 1/2-1/2

[Event "HUN-ch U20 Girls"]
[Site "Budapest"]
[Date "2009.02.17"]
[Round "9"]
[White "Dudas, Eszter"]
[Black "Manyoki, Anna"]
[Result "1/2-1/2"]
[WhiteElo "2108"]
[BlackElo "2082"]
[PlyCount "101"]
[EventDate "2009.02.09"]
[EventType "tourn"]
[EventRounds "9"]
[EventCountry "HUN"]
[SourceTitle "EXT 2011"]
[Source "ChessBase"]
[SourceDate "2010.11.26"]
[SourceVersion "1"]
[SourceVersionDate "2010.11.26"]
[SourceQuality "1"]

1. e4 e5 2. Nf3 Nc6 3. Bb5 a6 4. Ba4 Nf6 5. Qe2 b5 6. Bb3 Be7 7. c3 d6 8. d4 0-0 9. Nbd2 Re8 10. Ng5 Rf8 11. Ngf3 Re8 12. d5 Na5 13. Bc2 c5 14. b4 Nb7 15. 0-0 Qc7 16. Ne1 Bf8 17. f4 exf4 18. Qf2 g6 19. Qxf4 Bg7 20. Rb1 Ng4 21. Qf3 Be5 22. g3 cxb4 23. cxb4 Bd4+ 24. Kh1 Ne5 25. Qg2 Bg4 26. h3 Bd7 27. Bb2 Bxb2 28. Rxb2 a5 29. Ndf3 Nc4 30. Rb3 axb4 31. Ng5 Rf8 32. Qf2 Ne5 33. Nef3 f6 34. Ne6 Bxe6 35. dxe6 Rxa2 36. Nd4 Nc5 37. Re3 b3 38. e7 bxc2 39. exf8Q+ Kxf8 40. Nxc2 Qf7 41. Re2 Ncd3 42. Qb6 b4 43. Qxd6+ Kg7 44. Nd4 Rxe2 45. Nxe2 b3 46. Qd4 b2 47. Nc3 Qe6 48. Kh2 Qb3 49. Qa7+ Kg8 50. Qa8+ Kg7 51. Qa7+ 1/2-1/2

[Event "HUN-ch U20 Girls"]
[Site "Budapest"]
[Date "2009.02.16"]
[Round "8"]
[White "Manyoki, Anna"]
[Black "Ignacz, Maria"]
[Result "1/2-1/2"]
[WhiteElo "2082"]
[BlackElo "2225"]
[PlyCount "71"]
[EventDate "2009.02.09"]
[EventType "tourn"]
[EventRounds "9"]
[EventCountry "HUN"]
[SourceTitle "EXT 2011"]
[Source "ChessBase"]
[SourceDate "2010.11.26"]
[SourceVersion "1"]
[SourceVersionDate "2010.11.26"]
[SourceQuality "1"]

1. e4 c5 2. Nf3 d6 3. d4 cxd4 4. Nxd4 Nf6 5. Nc3 a6 6. Be2 e5 7. Nb3 Be6 8. f4 Nbd7 9. g4 Nxg4 10. h4 h5 11. f5 Bxb3 12. axb3 Ndf6 13. Nd5 Nxd5 14. Qxd5 Rb8 15. Bc4 Qc7 16. Bg5 b5 17. Bd3 Qb6 18. Be2 Be7 19. Bxg4 hxg4 20. 0-0-0 Rc8 21. Rdg1 Bxg5+ 22. hxg5 Rh2 23. Kb1 Rcxc2 24. Rxh2 Qxg1+ 25. Kxc2 Qxh2+ 26. Kb1 Qg1+ 27. Ka2 Qb6 28. g6 Qc7 29. Qa8+ Ke7 30. Qd5 fxg6 31. Qe6+ Kf8 32. fxg6 Qa5+ 33. Kb1 Qe1+ 34. Ka2 Qa5+ 35. Kb1 Qe1+ 36. Ka2 1/2-1/2

[Event "HUN-ch U20 Girls"]
[Site "Budapest"]
[Date "2009.02.12"]
[Round "4"]
[White "Manyoki, Anna"]
[Black "Hitter, Gabriela"]
[Result "1/2-1/2"]
[WhiteElo "2082"]
[BlackElo "2065"]
[PlyCount "47"]
[EventDate "2009.02.09"]
[EventType "tourn"]
[EventRounds "9"]
[EventCountry "HUN"]
[SourceTitle "EXT 2011"]
[Source "ChessBase"]
[SourceDate "2010.11.26"]
[SourceVersion "1"]
[SourceVersionDate "2010.11.26"]
[SourceQuality "1"]

1. e4 c5 2. Nf3 d6 3. d4 cxd4 4. Nxd4 Nf6 5. Nc3 a6 6. Be2 e5 7. Nb3 Be7 8. Bg5 Be6 9. Bxf6 Bxf6 10. Qd3 Nc6 11. 0-0-0 Be7 12. Kb1 Rc8 13. a3 Bxb3 14. cxb3 Nd4 15. Bg4 Rc6 16. Ne2 Nxe2 17. Bxe2 Qb6 18. Qg3 0-0 19. Bc4 a5 20. Rc1 Rfc8 21. Qf3 Bf6 22. a4 Qc7 23. Qe3 Bd8 24. Rhd1 1/2-1/2

[Event "HUN-chT2 Asztalos 0809"]
[Site "Hungary"]
[Date "2008.11.02"]
[Round "2"]
[White "Manyoki, Anna"]
[Black "Zsigmond, Karoly"]
[Result "1/2-1/2"]
[WhiteElo "2079"]
[BlackElo "2062"]
[PlyCount "85"]
[EventDate "2008.10.26"]
[EventType "team-tourn"]
[EventRounds "11"]
[EventCountry "HUN"]
[SourceTitle "EXT 2010"]
[Source "ChessBase"]
[SourceDate "2010.11.25"]
[SourceVersion "1"]
[SourceVersionDate "2010.11.25"]
[SourceQuality "1"]
[WhiteTeam "MAV Elore"]
[BlackTeam "Dunaujvaros"]
[WhiteTeamCountry "HUN"]
[BlackTeamCountry "HUN"]

1. e4 c5 2. c3 d5 3. exd5 Qxd5 4. d4 Nc6 5. Nf3 Bg4 6. Be2 e6 7. 0-0 Nf6 8. Be3 cxd4 9. cxd4 Be7 10. Nc3 Qd8 11. h3 Bh5 12. Qb3 Qb6 13. Rfd1 Qxb3 14. axb3 Nd5 15. Nxd5 exd5 16. Rdc1 f6 17. g4 Bf7 18. g5 Be6 19. Kg2 Kf7 20. h4 a6 21. Ne1 h6 22. gxh6 gxh6 23. Bh5+ Kg7 24. Nd3 Bd6 25. Nf4 Nxd4 26. Bxd4 Bxf4 27. Re1 Be5 28. Bxe5 fxe5 29. Rxe5 Kf6 30. Rae1 Bf5 31. Rxd5 Rad8 32. Bf3 Rxd5 33. Bxd5 b6 34. Kf3 Rd8 35. Be4 Rd4 36. Bxf5 Kxf5 37. Kg3 Rb4 38. Re3 a5 39. Rf3+ Kg6 40. Rd3 Kf5 41. Rf3+ Kg6 42. Rd3 Rb5 43. Rf3 1/2-1/2

[Event "HUN-chT2 Asztalos 0809"]
[Site "Hungary"]
[Date "2008.10.26"]
[Round "1"]
[White "Kalanyos, Ferenc"]
[Black "Manyoki, Anna"]
[Result "0-1"]
[WhiteElo "1997"]
[BlackElo "2079"]
[PlyCount "70"]
[EventDate "2008.10.26"]
[EventType "team-tourn"]
[EventRounds "11"]
[EventCountry "HUN"]
[SourceTitle "EXT 2010"]
[Source "ChessBase"]
[SourceDate "2010.11.25"]
[SourceVersion "1"]
[SourceVersionDate "2010.11.25"]
[SourceQuality "1"]
[WhiteTeam "Tamasi Szabadido"]
[BlackTeam "MAV Elore"]
[WhiteTeamCountry "HUN"]
[BlackTeamCountry "HUN"]

1. b4 d5 2. Bb2 e6 3. e3 Nf6 4. a3 c5 5. b5 Bd6 6. Nf3 Nbd7 7. c4 0-0 8. d4 cxd4 9. Nxd4 Nb6 10. Qc2 Nxc4 11. Bxc4 dxc4 12. Nd2 c3 13. Bxc3 Nd5 14. Nc4 Bc7 15. 0-0 e5 16. Nf3 e4 17. Nfd2 Nxc3 18. Qxc3 f5 19. Rfd1 Qe7 20. Rac1 Be6 21. a4 Rfd8 22. Nb3 Rxd1+ 23. Rxd1 Bxh2+ 24. Kxh2 Qc7+ 25. g3 Qxc4 26. Qxc4 Bxc4 27. Na5 Bd3 28. Nxb7 Rc8 29. Nd6 Rc2 30. a5 Rxf2+ 31. Kh3 g5 32. b6 axb6 33. axb6 Be2 34. Nxf5 Bxd1 35. b7 Rb2 0-1

[Event "EU-ch U18 Girls 18th"]
[Site "Herceg Novi"]
[Date "2008.09.23"]
[Round "8"]
[White "Dincel, Melodi"]
[Black "Manyoki, Anna"]
[Result "1-0"]
[WhiteElo "1845"]
[BlackElo "2053"]
[PlyCount "111"]
[EventDate "2008.09.15"]
[EventType "swiss"]
[EventRounds "9"]
[EventCountry "MNE"]
[SourceTitle "CBM 126 Extra"]
[Source "ChessBase"]
[SourceDate "2008.11.05"]
[SourceVersion "1"]
[SourceVersionDate "2008.11.05"]
[SourceQuality "1"]

1. c4 e5 2. Nc3 Nf6 3. e4 c6 4. Nf3 Qa5 5. Bd3 Be7 6. 0-0 0-0 7. h3 d5 8. Qe1 d4 9. Ne2 Na6 10. Bb1 Ne8 11. Ng3 f6 12. Qe2 Nd6 13. a3 Be6 14. d3 c5 15. Ba2 Qc7 16. Bd2 Nb8 17. Bb1 Nd7 18. Nh2 f5 19. f4 Bh4 20. exf5 Nxf5 21. Nxf5 Bxf5 22. g4 Bg6 23. f5 Bf7 24. g5 Bg3 25. Ng4 Rae8 26. Qg2 e4 27. dxe4 Bxc4 28. Rf3 Be5 29. b3 d3 30. bxc4 Bxa1 31. Rxd3 Ne5 32. Bf4 Qb6 33. Rd1 Nxg4 34. Qxg4 Be5 35. Be3 Rd8 36. Rf1 Bd4 37. Bxd4 Rxd4 38. f6 Qd6 39. Kg2 Rd2+ 40. Kf3 Rd1 41. Kg2 Rxf1 42. Kxf1 Qe5 43. Bd3 Kh8 44. f7 Rxf7+ 45. Kg2 Qf4 46. Qxf4 Rxf4 47. Kg3 Rf8 48. e5 g6 49. Be4 b6 50. Bd5 Kg7 51. h4 Rf5 52. e6 Kf8 53. Kg4 Ke7 54. h5 gxh5+ 55. Kxf5 a6 56. a4 1-0

[Event "EU-ch U18 Girls 18th"]
[Site "Herceg Novi"]
[Date "2008.09.19"]
[Round "5"]
[White "Manyoki, Anna"]
[Black "Rakic, Marija"]
[Result "1-0"]
[WhiteElo "2053"]
[BlackElo "2276"]
[PlyCount "75"]
[EventDate "2008.09.15"]
[EventType "swiss"]
[EventRounds "9"]
[EventCountry "MNE"]
[SourceTitle "CBM 126 Extra"]
[Source "ChessBase"]
[SourceDate "2008.11.05"]
[SourceVersion "1"]
[SourceVersionDate "2008.11.05"]
[SourceQuality "1"]

1. e4 Nf6 2. e5 Nd5 3. d4 d6 4. Nf3 Bg4 5. Be2 e6 6. 0-0 Be7 7. h3 Bh5 8. c4 Nb6 9. Nc3 0-0 10. Be3 Bg6 11. b3 a5 12. a3 N6d7 13. Qd2 dxe5 14. Nxe5 Nxe5 15. dxe5 Nc6 16. Qxd8 Raxd8 17. Nb5 Rd7 18. f4 Bc2 19. Bd1 Bd3 20. Re1 a4 21. b4 Bxc4 22. Bxa4 Ra8 23. Na7 Rd3 24. Nxc6 bxc6 25. Bxc6 Ra6 26. Be4 Rdxa3 27. Rxa3 Rxa3 28. Rc1 Bb5 29. Bc5 Bh4 30. Bf2 Bxf2+ 31. Kxf2 Ra7 32. Ke3 Kf8 33. Rc5 Bd7 34. Ra5 Rxa5 35. bxa5 Bc8 36. Kd4 Ke7 37. Kc5 Ba6 38. Bc6 1-0

[Event "Balatonalmadi Pannonia Cup 13th"]
[Site "Balatonalmadi"]
[Date "2008.08.02"]
[Round "6"]
[White "Konnyu, Janos"]
[Black "Manyoki, Anna"]
[Result "1-0"]
[WhiteElo "2314"]
[BlackElo "2053"]
[PlyCount "71"]
[EventDate "2008.07.30"]
[EventType "swiss"]
[EventRounds "7"]
[EventCountry "HUN"]
[SourceTitle "CBM 125 Extra"]
[Source "ChessBase"]
[SourceDate "2008.09.01"]
[SourceVersion "1"]
[SourceVersionDate "2008.09.01"]
[SourceQuality "1"]

1. e4 e5 2. Nf3 Nc6 3. d4 exd4 4. Bc4 Nf6 5. 0-0 Nxe4 6. Re1 d5 7. Bxd5 Qxd5 8. Nc3 Qa5 9. Nxe4 Be6 10. Bd2 Qh5 11. Bg5 h6 12. Bf6 Be7 13. Bxe7 Nxe7 14. Nxd4 Bg4 15. f3 Bd7 16. c3 0-0-0 17. Nd6+ cxd6 18. Rxe7 Rhe8 19. Qe2 Rxe7 20. Qxe7 Qg6 21. Qe2 Re8 22. Qd2 Re5 23. Re1 Bh3 24. g3 h5 25. Kf2 Bd7 26. h4 f5 27. Qf4 Qe8 28. Nxf5 Bxf5 29. Qxf5+ Kc7 30. Rxe5 dxe5 31. Qe4 Qb5 32. b3 Qb6+ 33. Qe3 Qd6 34. f4 e4 35. Qxe4 Kc8 36. Qe8+ 1-0

[Event "Eger Tavasz op"]
[Site "Eger"]
[Date "2008.05.04"]
[Round "7"]
[White "Manyoki, Anna"]
[Black "Oros, Robert"]
[Result "1/2-1/2"]
[WhiteElo "1979"]
[BlackElo "2253"]
[PlyCount "30"]
[EventDate "2008.05.01"]
[EventType "swiss"]
[EventRounds "7"]
[EventCountry "HUN"]
[SourceTitle "EXT 2011"]
[Source "ChessBase"]
[SourceDate "2010.11.26"]
[SourceVersion "1"]
[SourceVersionDate "2010.11.26"]
[SourceQuality "1"]

1. e4 e5 2. Nf3 d6 3. d4 Nf6 4. Nc3 Nbd7 5. Bg5 Be7 6. dxe5 dxe5 7. Bc4 c6 8. a4 Qc7 9. 0-0 Nc5 10. Qe2 Be6 11. b4 Bxc4 12. Qxc4 Ne6 13. Bd2 0-0 14. Ne2 c5 15. b5 Rac8 1/2-1/2

[Event "Eger Tavasz op"]
[Site "Eger"]
[Date "2008.05.02"]
[Round "3"]
[White "Manyoki, Anna"]
[Black "Karolyfalvi, Zoltan"]
[Result "1/2-1/2"]
[WhiteElo "1979"]
[BlackElo "2196"]
[PlyCount "23"]
[EventDate "2008.05.01"]
[EventType "swiss"]
[EventRounds "7"]
[EventCountry "HUN"]
[SourceTitle "EXT 2011"]
[Source "ChessBase"]
[SourceDate "2010.11.26"]
[SourceVersion "1"]
[SourceVersionDate "2010.11.26"]
[SourceQuality "1"]

1. e4 c6 2. d4 g6 3. Nc3 d6 4. Nf3 Bg7 5. Be3 Nd7 6. a4 e5 7. dxe5 Nxe5 8. Nxe5 dxe5 9. Qxd8+ Kxd8 10. Bc4 f5 11. Bg5+ Kc7 12. Rd1 1/2-1/2